000 00487nam a2200193Ia 4500
008 210210b2006 xxu||||| |||| 00| 0 eng d
020 _a81 8356 083 0
082 _a581.0724 YADP
100 _aYADAV (P R)
245 _aPlant product biotechnology
260 _aNew Delhi
_bDiscovery Publishing House
_c2006
300 _a305
650 _aproduct
650 _aPlant
650 _abiotechnology
690 _aPlant Biotechnology
700 _aTYAGI (Rajiv)
906 _a061412
999 _c108267
_d108267